DEGENERATIVE JOINT CHANGES FOUND IN SKELETAL REMAINS FROM A MODERN PERIOD CEMETERY IN ANTONÍNSKÁ ULICE STREET IN BRNO (CZECH REPUBLIC)

Bibliographic Details
Main Authors: Vargová, Lenka (Author), Horáčková, Ladislava (Author)
Format: Article
Language:English

MARC

LEADER 00000nab a2200000 a 4500
001 vtls011118366
003 SK-MaSNL
005 20260303145352.0
008 230222|2005 xo |||||||||||||||||eng|
015 |a SNBRB 
035 |a (uuid)f6daaa77-838f-46aa-bf1a-508ee3c02e22 
035 |a (urnnbn)urn:nbn:sk:snk:ar-a08mkv 
035 |a urn:nbn:sk:snk-ab9omi 
040 |a SNKBUCL  |b slo  |c SNKBUCL  |e AACR2 
041 0 |a eng 
044 |a xo  |c SK 
100 1 |a Vargová, Lenka  |4 aut  |9 429204 
245 1 0 |a DEGENERATIVE JOINT CHANGES FOUND IN SKELETAL REMAINS FROM A MODERN PERIOD CEMETERY IN ANTONÍNSKÁ ULICE STREET IN BRNO (CZECH REPUBLIC)  |c Lenka Vargová, Ladislava Horáčková 
700 1 |a Horáčková, Ladislava  |4 aut  |9 799774 
773 0 |t Slovenská antropológia : bulletin Slovenskej antropologickej spoločnosti pri SAV  |g Roč. 8, č. 2 (2005), s. 142-147 
958 |a OND 
958 |a EUIPO 
958 |a article13 
999 |c 2002497  |d 2004427